Personnalités célèbres commençant par F - Statistiques

Statistiques générales
  • Ce quiz a été pris 90 fois
  • Le résultat moyen est 9 sur 16
Statistiques - réponses
Par images Réponse % Correct
Lara Fabian
87%
Roger Federer
86%
Morgan Freeman
81%
François Fillon
79%
Harrison Ford
74%
Audrey Fleurot
72%
Karine Ferri
59%
Catherine Frot
50%
Laura Felpin
50%
Fergie
49%
Michel Fugain
48%
Dominique Farrugia
42%
Frédéric François
40%
Sophie Favier
37%
Jamie Foxx
35%
Roman Frayssinet
29%
Aucun quiz correspondant
Distribution des résultats
% des personnes avec chaque résultat
Percentile par nombre de réponses
Votre historique - résultats
Vous n’avez pas pris ce quiz